Multimedia watermarking latest developments and trends / Aditya Kumar Sahu, editor. (Record no. 20812)

000 -LEADER
fixed length control field 00462nam a2200133 4500
020 ## - INTERNATIONAL STANDARD BOOK NUMBER
ISBN 9789819998036
082 ## - DEWEY DECIMAL CLASSIFICATION NUMBER
Classification number 004.855
Item number M9615 2024
245 ## - TITLE STATEMENT
Title Multimedia watermarking latest developments and trends / Aditya Kumar Sahu, editor.
260 ## - PUBLICATION, DISTRIBUTION, ETC. (IMPRINT)
Place of publication Singapore :
Name of publisher Springer Nature Singapore,
Year of publication ©2024.
300 ## - PHYSICAL DESCRIPTION
Number of Pages 1 online resources, xii, 148 pages :
Other physical details illustrations.
650 ## - SUBJECT ADDED ENTRY--TOPICAL TERM
Topical Term Multimedia watermarking.
700 ## - ADDED ENTRY--PERSONAL NAME
Personal name Sahu, Aditya Kumar, editor
942 ## - ADDED ENTRY ELEMENTS (KOHA)
Koha item type Electronic Books
Holdings
Source of acquisition Permanent Location Date acquired Collection code Koha item type Lost status Shelving location Withdrawn status Current Location Full call number
DonationCagayan State University - Carig Library2025-05-27E-BooksElectronic Books E-Resource Section Cagayan State University - Carig Library004.855 M9615 2024

Cagayan State University University Library, Carig Campus
Tuguegarao City, Cagayan 3500 | www.csucarig.edu.ph

Powered by Koha